[Event "Johor op-A 7th"]
[Site "Johor"]
[Date "2022.12.28"]
[Round "4"]
[White "Saw, Lye Guan"]
[Black "Mahmood Shah, Mukhriez Shah"]
[Result "0-1"]
[WhiteElo "1451"]
[BlackElo "1905"]
[PlyCount "56"]
[EventDate "2022.12.26"]
[EventType "swiss"]
[EventRounds "9"]
[EventCountry "MAS"]
[SourceTitle "CBM 212 Extra"]
[Source "ChessBase"]
[SourceDate "2023.03.31"]
[SourceVersion "1"]
[SourceVersionDate "2023.03.31"]
[SourceQuality "1"]

1. e4 d5 2. exd5 Nf6 3. d4 Bg4 4. Nf3 Qxd5 5. Be2 Nc6 6. Nc3 Qh5 7. h3 0-0-0 8. Be3 e5 9. d5 e4 10. Ng5 Bxe2 11. Qxe2 Qxe2+ 12. Kxe2 Ne5 13. Rhd1 Re8 14. Ngxe4 Nxe4 15. Nxe4 Nc4 16. Rd4 Nxe3 17. fxe3 f5 18. Ng5 Bc5 19. Rd3 f4 20. e4 Re5 21. Kf3 Rxg5 22. c4 Rf8 23. Rad1 Rg3+ 24. Ke2 Rxg2+ 25. Kf3 Rf2+ 26. Kg4 h5+ 27. Kh4 Be7+ 28. Kxh5 Rg2 0-1

[Event "Asia Cities-ch"]
[Site "Dhaka"]
[Date "2019.07.14"]
[Round "6.3"]
[White "Mahmood Shah, Mukhriez Shah"]
[Black "Zia, Tahsin Tajwar"]
[Result "1/2-1/2"]
[WhiteElo "1853"]
[BlackElo "2063"]
[PlyCount "83"]
[EventDate "2019.07.10"]
[EventType "team-swiss"]
[EventRounds "9"]
[EventCountry "BAN"]
[SourceTitle "EXT 2020"]
[Source "ChessBase"]
[SourceDate "2019.10.17"]
[SourceVersion "1"]
[SourceVersionDate "2019.10.17"]
[SourceQuality "1"]
[WhiteTeam "Shah Alam"]
[BlackTeam "Chattagram City"]
[WhiteTeamCountry "MAS"]
[BlackTeamCountry "BAN"]

1. e4 c5 2. Nf3 d6 3. d4 cxd4 4. Nxd4 Nf6 5. Nc3 Nc6 6. Bg5 e6 7. Qd2 a6 8. f4 Bd7 9. 0-0-0 Be7 10. Nf3 b5 11. Kb1 b4 12. Bxf6 gxf6 13. Ne2 Qb6 14. Ned4 Na5 15. Bd3 Nb7 16. Rhe1 0-0-0 17. Qe3 Nc5 18. Nb3 Kb7 19. Nfd2 Nxd3 20. Qxb6+ Kxb6 21. Nc4+ Ka7 22. cxd3 Rc8 23. Rc1 Bb5 24. Nd4 Bxc4 25. Rxc4 Rxc4 26. dxc4 Kb6 27. Kc2 Rg8 28. Re2 h5 29. Kd3 Kc7 30. Nc2 a5 31. Ne3 Kc6 32. Rf2 Bd8 33. Nf1 Bb6 34. Re2 Rg4 35. g3 Rg8 36. Rg2 a4 37. h3 Kd7 38. g4 hxg4 39. hxg4 Rh8 40. Rh2 Rg8 41. Rg2 Rh8 42. Rh2 1/2-1/2

[Event "Olympiad-43"]
[Site "Batumi"]
[Date "2018.09.28"]
[Round "5.62"]
[White "Al Mutairi, Hassan S"]
[Black "Mahmood Shah, Mukhriez Shah"]
[Result "0-1"]
[WhiteElo "1809"]
[BlackElo "1826"]
[PlyCount "46"]
[EventDate "2018.09.24"]
[EventType "team-swiss"]
[EventRounds "11"]
[EventCountry "GEO"]
[SourceTitle "CBM 187"]
[Source "ChessBase"]
[SourceDate "2018.12.11"]
[SourceVersion "1"]
[SourceVersionDate "2018.12.11"]
[SourceQuality "1"]
[WhiteTeam "Saudi Arabia"]
[BlackTeam "Malaysia"]
[WhiteTeamCountry "SAU"]
[BlackTeamCountry "MAS"]

1. e4 c5 2. Nf3 Nc6 3. Bb5 g6 4. 0-0 Bg7 5. Re1 Nf6 6. e5 Nd5 7. Nc3 Nc7 8. Bxc6 dxc6 9. Ne4 b6 10. Nf6+ Bxf6 11. exf6 e6 12. d4 cxd4 13. Bh6 Qxf6 14. Bg5 Qg7 15. Nxd4 Bb7 16. Qf3 0-0 17. Bf6 Qh6 18. c4 Rfc8 19. Nxc6 Bxc6 20. Qxc6 Ne8 21. Qf3 Nxf6 22. Qxf6 Rxc4 23. Rxe6 Rf4 0-1

[Event "Olympiad-43"]
[Site "Batumi"]
[Date "2018.09.27"]
[Round "4.46"]
[White "Mahmood Shah, Mukhriez Shah"]
[Black "Razanadrakotoarisoa, Toavina"]
[Result "1-0"]
[WhiteElo "1826"]
[BlackElo "2013"]
[PlyCount "69"]
[EventDate "2018.09.24"]
[EventType "team-swiss"]
[EventRounds "11"]
[EventCountry "GEO"]
[SourceTitle "CBM 187"]
[Source "ChessBase"]
[SourceDate "2018.12.11"]
[SourceVersion "1"]
[SourceVersionDate "2018.12.11"]
[SourceQuality "1"]
[WhiteTeam "Malaysia"]
[BlackTeam "Madagascar"]
[WhiteTeamCountry "MAS"]
[BlackTeamCountry "MAD"]

1. e4 c5 2. Nf3 d6 3. d4 cxd4 4. Nxd4 Nf6 5. Nc3 a6 6. Bg5 e6 7. f4 h6 8. Bh4 Be7 9. Qf3 Nc6 10. 0-0-0 Qc7 11. Be2 0-0 12. g4 b5 13. Nxc6 Qxc6 14. e5 Bb7 15. Qxc6 Bxc6 16. exf6 Bxf6 17. Bxf6 Bxh1 18. Bxg7 Kxg7 19. Rxh1 d5 20. Bd3 Kf6 21. h4 Rg8 22. Rg1 Ke7 23. Ne2 f5 24. gxf5 Rxg1+ 25. Nxg1 exf5 26. Nf3 Rg8 27. Kd2 Kf6 28. Ke3 Rg4 29. a4 bxa4 30. Bxa6 d4+ 31. Nxd4 Rxh4 32. Bb5 Rh3+ 33. Nf3 a3 34. bxa3 Ke6 35. a4 1-0